00423 2200157 4500001002100000005001500021035002000036245006800056100001200124300003000136260004300166082000800209084001400217020002200231990001200253INLIS00000000000266520250903091647 a0010-09250000121 aKisah Murid Paling Bahagia dan Sebelas Kisah Lainnya /cAchi TM0 aAchi TM a110 hlm ;c13,5 x 20,5 cm aJakarta :bEmir Cakrawala Islam,c2017 a813 a813 ACH k a978-602-0935-71-3 a0755357